Loading...
| Fine Arts - Painting and Sculpture | 0 | 6 | 0 | 2 | 60 | 33 | 78.67 | 2 | 4 | 0.00 | 0.00 |
| Philosophy | 0 | 4 | 0 | 1 | 40 | 34 | 55.75 | 1 | 4 | 0.00 | 0.00 |
| Social Science | 0 | 2 | 0 | 0 | 20 | 34 | 34.50 | 2 | 2 | 0.00 | 0.00 |
| Literature - American | 0 | 2 | 0 | 0 | 20 | 32 | 50.50 | 1 | 2 | 0.00 | 0.00 |
| Literature - British | 0 | 2 | 0 | 0 | 20 | 22 | 45.00 | 1 | 1 | 0.00 | 0.00 |
| Literature - European | 0 | 2 | 0 | 0 | 20 | 42 | 46.00 | 1 | 2 | 0.00 | 0.00 |
| Fine Arts - Classical Music | 0 | 1 | 0 | 0 | 10 | 75 | 75.00 | 0 | 1 | 0.00 | 0.00 |
| Science - Biology | 0 | 1 | 0 | 0 | 10 | 49 | 49.00 | 1 | 1 | 0.00 | 0.00 |
| History - American | 0 | 1 | 1 | 0 | 5 | 48 | 48.00 | 1 | 1 | 0.00 | 0.00 |
| Popular Culture | 0 | 1 | 2 | 0 | 0 | 96 | 96.00 | 0 | 0 | 0.00 | 0.00 |
| Science - Physics | 0 | 0 | 1 | 0 | -5 | 0.00 | 0 | 0 | 0.00 | 0.00 | |
| Fine Arts - Other | 0 | 0 | 2 | 0 | -10 | 0.00 | 0 | 0 | 0.00 | 0.00 |